书目信息 |
| 题名: |
建设项目职业病危害评价案例分析
|
|
| 作者: | 杨乐华 , 何滔 , 罗普泉 主编 ;湖南省劳动卫生职业病防治所 组织编写 | |
| 分册: | ||
| 出版信息: | 北京 化学工业出版社 2007 |
|
| 页数: | 308页 | |
| 开本: | 21cm | |
| 丛书名: | 职业卫生工作系列图书 | |
| 单 册: | ||
| 中图分类: | R135 | |
| 科图分类: | ||
| 主题词: | 工业生产--gong ye shen chan--职业病--评价 | |
| 电子资源: | ||
| ISBN: | 7-5025-9514-7 | |
| 000 | 01042nam 2200277 450 | |
| 001 | 0100000302 | |
| 005 | 20080611154131.79 | |
| 010 | @a7-5025-9514-7@dCNY28.00 | |
| 100 | @a20080525d2007 ekmy0chiy50 ea | |
| 101 | 0 | @achi |
| 102 | @aCN@b110000 | |
| 105 | @aak a 000yy | |
| 200 | 1 | @a建设项目职业病危害评价案例分析@Ajian she xiang mu zhi ye bing wei hai ping jia an li fen xi@f湖南省劳动卫生职业病防治所组织编写@g杨乐华, 罗普泉, 何滔主编 |
| 210 | @a北京@c化学工业出版社@d2007 | |
| 215 | @a308页@c图@d21cm | |
| 225 | 2 | @a职业卫生工作系列图书@Azhi ye wei shen gong zuo ji lie tu shu |
| 320 | @a有书目 (第306-308页) | |
| 410 | 0 | @12001 @a职业卫生工作系列图书 |
| 606 | 0 | @a工业生产@Agong ye shen chan@x职业病@x评价 |
| 690 | @aR135@v4 | |
| 701 | 0 | @a杨乐华@Ayang le hua@4主编 |
| 701 | 0 | @a何滔@Ahe tao@4主编 |
| 701 | 0 | @a罗普泉@Aluo pu quan@4主编 |
| 712 | 02 | @a湖南省劳动卫生职业病防治所@Ahu na sheng lao dong wei shen zhi ye bing fang zhi suo@4组织编写 |
| 801 | 0 | @aCN@c20080611 |
| 905 | @b20800662-64@dR135@eY322@fR135/Y322 | |
| 建设项目职业病危害评价案例分析/湖南省劳动卫生职业病防治所组织编写/杨乐华, 罗普泉, 何滔主编.-北京:化学工业出版社,2007 |
| 308页:图;21cm.-(职业卫生工作系列图书) |
| ISBN 7-5025-9514-7:CNY28.00 |
| ● |
| 相关链接 |
|
|
|
正题名:建设项目职业病危害评价案例分析
索取号:R135/Y322
 
预约/预借
| 序号 | 登录号 | 条形码 | 馆藏地/架位号 | 状态 | 备注 |
| 1 | 800037 | 208000376 | 自科二线504/504自科库 47排1列6层/ [索取号:R135/Y322] | 在馆 | |
| 2 | 800038 | 208000385 | 自科二线504/504自科库 47排1列6层/ [索取号:R135/Y322] | 在馆 | |
| 3 | 800039 | 208000394 | 自科二线504/504自科库 47排1列6层/ [索取号:R135/Y322] | 在馆 |